Coupling Model of the Combustion Synthesis of Composite with Reinforcing Inclusions; Energy Fluxes and Radiation Effects (EFRE-2020 online)
| Источник: | Energy Fluxes and Radiation Effects (EFRE-2020 online).— 2020.— [P. 1222-1226] |
|---|---|
| Главный автор: | |
| Автор-организация: | |
| Примечания: | Title screen The coupled model for the synthesis of composites for Al+Cr2O3+Ti and Al+Fe2O3+Ni systems is presented. The reactions exposed to plane stress and plane strain are discussed. Possible chemical reactions in the systems are divided into two groups, each of which is described by the total reaction. The first total reaction leads to the formation of reinforcing particles. The second one leads to the formation of the composition of the matrix. It is shown that in the simplest one-dimensional approximation for the two situations considered, the effective thermal effects of the reactions, the effective heat capacity, and the temperature of the products are distinguished. Режим доступа: по договору с организацией-держателем ресурса |
| Язык: | английский |
| Опубликовано: |
2020
|
| Предметы: | |
| Online-ссылка: | https://doi.org/10.1109/EFRE47760.2020.9242174 |
| Формат: | MixedMaterials Электронный ресурс Статья |
| Запись в KOHA: | https://koha.lib.tpu.ru/cgi-bin/koha/opac-detail.pl?biblionumber=663114 |
MARC
| LEADER | 00000naa2a2200000 4500 | ||
|---|---|---|---|
| 001 | 663114 | ||
| 005 | 20251216144730.0 | ||
| 035 | |a (RuTPU)RU\TPU\network\34283 | ||
| 035 | |a RU\TPU\network\34282 | ||
| 090 | |a 663114 | ||
| 100 | |a 20210125d2020 k||y0rusy50 ba | ||
| 101 | 0 | |a eng | |
| 135 | |a drgn ---uucaa | ||
| 181 | 0 | |a i | |
| 182 | 0 | |a b | |
| 200 | 1 | |a Coupling Model of the Combustion Synthesis of Composite with Reinforcing Inclusions |f A. G. Knyazeva | |
| 203 | |a Text |c electronic | ||
| 300 | |a Title screen | ||
| 320 | |a [References: p. 1226 (20 tit.)] | ||
| 330 | |a The coupled model for the synthesis of composites for Al+Cr2O3+Ti and Al+Fe2O3+Ni systems is presented. The reactions exposed to plane stress and plane strain are discussed. Possible chemical reactions in the systems are divided into two groups, each of which is described by the total reaction. The first total reaction leads to the formation of reinforcing particles. The second one leads to the formation of the composition of the matrix. It is shown that in the simplest one-dimensional approximation for the two situations considered, the effective thermal effects of the reactions, the effective heat capacity, and the temperature of the products are distinguished. | ||
| 333 | |a Режим доступа: по договору с организацией-держателем ресурса | ||
| 463 | 0 | |0 (RuTPU)RU\TPU\network\34152 |t Energy Fluxes and Radiation Effects (EFRE-2020 online) |o proceedings of 7th International Congress, September 14-26, 2020, Tomsk, Russia |f National Research Tomsk Polytechnic University (TPU) ; Institute of Electrical and Electronics Engineers (IEEE) ; ed. N. A. Ratakhin |v [P. 1222-1226] |d 2020 | |
| 610 | 1 | |a электронный ресурс | |
| 610 | 1 | |a труды учёных ТПУ | |
| 610 | 1 | |a combustion synthesis | |
| 610 | 1 | |a coupled model | |
| 610 | 1 | |a composite with oxide inclusions | |
| 610 | 1 | |a two-stage kinetics | |
| 610 | 1 | |a stationary front | |
| 610 | 1 | |a синтез | |
| 610 | 1 | |a горение | |
| 610 | 1 | |a композиты | |
| 610 | 1 | |a включения | |
| 700 | 1 | |a Knyazeva |b A. G. |c Russian physicist |c Professor of Tomsk Polytechnic University, doctor of physico-mathematical Sciences |f 1962- |g Anna Georgievna |3 (RuTPU)RU\TPU\pers\32712 |9 16597 | |
| 712 | 0 | 2 | |a Национальный исследовательский Томский политехнический университет |b Инженерная школа новых производственных технологий |b Отделение материаловедения |3 (RuTPU)RU\TPU\col\23508 |
| 801 | 2 | |a RU |b 63413507 |c 20210203 |g RCR | |
| 856 | 4 | |u https://doi.org/10.1109/EFRE47760.2020.9242174 | |
| 942 | |c CF | ||